| Tag |
First Indicator |
Second Indicator |
Subfields |
| LEADER |
00000cam a2200000 a 4500 |
| 001 |
in00002069813 |
| 005 |
20151101191053.0 |
| 008 |
990312s2000 nyuab c b 001 0 eng |
| 010 |
|
|
|a 99020967
|
| 020 |
|
|
|a 0516209965
|
| 035 |
|
|
|a (OCoLC)ocm41049500
|
| 040 |
|
|
|a DLC
|c DLC
|d TXA
|d UtOrBLW
|
| 042 |
|
|
|a lcac
|
| 043 |
|
|
|a n-us-or
|
| 049 |
|
|
|a TXAM
|
| 050 |
0 |
0 |
|a F876.3
|b .I64 2000
|
| 082 |
0 |
0 |
|a 979.5
|2 21
|
| 100 |
1 |
|
|a Ingram, Scott.
|
| 245 |
1 |
0 |
|a Oregon /
|c W. Scott Ingram.
|
| 264 |
|
1 |
|a New York :
|b Children's Press,
|c [2000]
|
| 264 |
|
4 |
|c ©2000
|
| 300 |
|
|
|a 144 pages :
|b illustrations (some color), color maps ;
|c 25 cm.
|
| 336 |
|
|
|a text
|b txt
|2 rdacontent
|
| 337 |
|
|
|a unmediated
|b n
|2 rdamedia
|
| 338 |
|
|
|a volume
|b nc
|2 rdacarrier
|
| 490 |
1 |
|
|a America the beautiful. Second series
|
| 504 |
|
|
|a Includes bibliographical references (pages 136-137) and index.
|
| 520 |
|
|
|a Describes the geography, plants, animals, history, economy, language, religions, culture, sports, arts, and people of Oregon.
|
| 651 |
|
0 |
|a Oregon
|v Juvenile literature.
|
| 651 |
|
1 |
|a Oregon.
|
| 830 |
|
0 |
|a America the beautiful.
|n Second series.
|
| 948 |
|
|
|a cataloged
|b h
|c 2005/7/12
|d c
|e achopde
|f 1:51:06 pm
|
| 994 |
|
|
|a C0
|b TXA
|
| 999 |
|
|
|a MARS
|
| 999 |
f |
f |
|s f23b9879-8484-3dc4-a71b-130ded5e0a85
|i d29cf995-5cc8-3b0e-860b-db7e39950dd0
|t 0
|
| 952 |
f |
f |
|p normal
|a Texas A&M University
|b College Station
|c Sterling C. Evans Library
|d Evans: Curriculum Collection (4th floor)
|t 0
|e F876.3 .I64 2000
|h Library of Congress classification
|i unmediated -- volume
|m A14833146549
|
| 998 |
f |
f |
|a F876.3 .I64 2000
|t 0
|l Evans: Curriculum Collection (4th floor)
|